Statistics for Countries of Europe - One Minute Sprint

Click here to take the quiz!

General Stats

  • This quiz has been taken 441,482 times
  • The average score is 26 of 45

Answers on the Map

Answers color-coded by a green-red scale on the quiz's map according to % correct below.
Loading ...
 

Answer Stats

Country% Correct
United
Kingdom
95%
France
94%
Spain
92%
Germany
91%
Sweden
89%
Norway
88%
Ireland
87%
Italy
87%
Finland
85%
Portugal
84%
Iceland
81%
Russia
78%
Poland
75%
Denmark
73%
Belgium
72%
Netherlands
67%
Ukraine
65%
Greece
65%
Latvia
63%
Estonia
62%
Austria
57%
Belarus
55%
Lithuania
55%
Switzerland
50%
Romania
50%
Andorra
46%
Slovakia
42%
Vatican City
42%
Bulgaria
42%
Croatia
42%
Hungary
42%
Serbia
41%
Monaco
41%
Luxembourg
39%
Slovenia
39%
Czech Republic
38%
Albania
37%
San Marino
36%
Malta
36%
Moldova
34%
Bosnia and
Herzegovina
34%
Kosovo
29%
Liechtenstein
27%
North
Macedonia
26%
Montenegro
22%

Score Distribution

Percentile by Number Answered

Percent of People with Each Score

Your Score History

You have not taken this quiz